Despicable Me Quiz - Statistics

General Stats
  • This quiz has been taken 150 times
  • The average score is 11 of 12
Answer Stats
Question Answer % Correct
What is Gru planning to steal in order to regain his status as the most notorious villain in the world, as shown in the first Despicable Me movie? The Moon
96%
Throughout the movies, the Minions have shown their love towards a type of fruit they were fond of. What yellow fruit did they like the most? Bananas
95%
What is the name of Gru's twin brother in Despicable Me 3? Dru
95%
What colour were the evil Minions in Despicable Me 2? Purple
94%
How does El Macho fake his demise in Despicable Me 2? He rides a shark covered in TNT into an active volcano.
93%
In the first Despicable Me movie, what landmark did Vector steal and hide in his lair? Egyptian Pyramid of Giza
92%
What is the name of the other spy at AVL whom Gru falls in love with at the end of Despicable Me 2? Lucy
92%
What is the name of Gru's lab assistant, having first met in Minions: The Rise of Gru? Dr. Nefario
91%
Before the Minions met Gru, who did Bob, Kevin and Stuart meet in Villain Con at the first Minions film? Scarlet Overkill
89%
Who plays the voice of Gru? Steve Carell
85%
Which Minion was briefly a King in the Minions spinoff movie? Bob
83%
What's the full name of the Minions' boss in Despicable Me? Felonius Gru
64%
No matching quizzes found
Score Distribution
Percent of People with Each Score
Percentile by Number Answered
Your Score History
You have not taken this quiz